Lénie - Paroles DoMiNo - Statistiques

Statistiques générales
  • Ce quiz a été pris 168 fois
  • Le résultat moyen est 294 sur 405
Statistiques - réponses
Hint Réponse % Correct
Ho
97%
ho
97%
t’
96%
T’
96%
s’
95%
j’
93%
Outro | Pré-refrain | Refrain J’
93%
À
92%
à
92%
(Ah)
92%
C’
91%
c’
91%
n’
91%
n'
91%
domino
88%
tu
88%
Tu
88%
pour
87%
te
87%
de
86%
qu’
86%
qu'
86%
un
86%
comme
83%
le
83%
toi
83%
toi,
83%
es
82%
mon
82%
suis
82%
me
80%
Ma
79%
ma
79%
I'd
78%
I’d
78%
je
78%
Je
78%
pensé
78%
proprio
78%
as
76%
Chéri,
76%
Chéri
76%
na
76%
Na
76%
que
76%
tombée
76%
en
75%
plus
74%
plus,
74%
Plus
74%
Intro Quand
74%
ton
71%
veux
71%
baby
70%
cru
70%
Des
68%
et
68%
go
68%
si
68%
ai
67%
bien
67%
on
67%
arrière
66%
est
66%
let
66%
never
66%
ramène
66%
tes
66%
tour
66%
you
66%
années
63%
danser
63%
peux
63%
les
62%
mais
62%
Mais
62%
changé,
61%
mes
61%
chat
58%
mentir
58%
ont
58%
pensais
58%
règles
58%
tout
58%
Tout
58%
courir
57%
étais
57%
mentais
57%
naïve
57%
quelle
57%
regarder
57%
vraiment
57%
brille
55%
docile
55%
erreur
55%
joues,
55%
pensées
55%
remis
55%
une
55%
Vois
55%
question,
54%
corps
53%
essayé,
53%
la
53%
Trop
53%
vision
53%
voix,
53%
chanson
51%
doux,
51%
Face
51%
occupes
51%
auras
50%
Ou
50%
tard,
49%
vices
46%
excuser,
45%
va
45%
déjà
43%
Déjà ?
43%
dire,
43%
jamais
43%
pas
43%
dit
42%
envie
42%
rien
42%
voir
41%
fais
39%
folie
39%
moi,
39%
moi
39%
sans
38%
Vivre
38%
Discuter,
37%
drama
37%
fil
36%
lâche
36%
soir,
36%
Remercie
28%
Coups
22%
Aucun quiz correspondant
Distribution des résultats
% des personnes avec chaque résultat
Percentile par nombre de réponses
Votre historique - résultats
Vous n’avez pas pris ce quiz